|
|
|
|
| LEADER |
00000nab a2200000 a 4500 |
| 001 |
vtls000569351 |
| 003 |
SK-MaSNL |
| 005 |
20260303012858.0 |
| 008 |
120929c1995 xo 0 slo |
| 015 |
|
|
|a SNBRB19rr/mm-uuuuu
|
| 035 |
|
|
|a CL0569489
|
| 040 |
|
|
|a SNKBUCL
|b slo
|c SNKBUCL
|e AACR2
|
| 041 |
0 |
|
|a slo
|
| 044 |
|
|
|a xo
|c SK
|
| 080 |
|
|
|a 791.43.091.4:791.43.073
|2 1981
|
| 080 |
|
|
|a 791.43.073
|2 1981
|
| 100 |
1 |
|
|a Plítková, Marcela
|4 aut
|9 296441
|
| 245 |
1 |
0 |
|a Oravská osmička
|b 16. celoslovenská súťaž 8-mm amatérskych filmov a videoprogramov
|c Marcela Plítková
|
| 300 |
|
|
|b Fotogr. 3
|
| 611 |
2 |
7 |
|a Oravská osmička
|n (16. :
|d 1995 :
|c Nižná, Slovensko)
|2 snkbucl
|9 991650
|
| 650 |
0 |
7 |
|a amatérske filmy
|2 snkbucl
|9 67242
|
| 655 |
|
7 |
|a články z novín a časopisov
|2 snkbucl
|9 267496
|
| 773 |
0 |
|
|t Národná osveta
|g Roč. 5, č. 20 (1995)
|
| 773 |
0 |
|
|t [Príl.] Kamera
|g Č. 4 (1995), s. 10-11
|
| 850 |
|
|
|a Slovenská národná knižnica v Martine
|a MTA001
|
| 852 |
|
|
|a SNK
|b KIS3GCP
|
| 992 |
|
|
|a RBX
|
| 999 |
|
|
|c 1599607
|d 1601537
|